[Event "SR 2. liga A 2007/2008"]
[Site "?"]
[Date "2007.10.07"]
[Round "2.2"]
[White "Mihalik, Marek"]
[Black "Biro, Karol"]
[Result "1-0"]
[WhiteElo "2111"]
[BlackElo "2188"]
[PlyCount "105"]
[EventDate "2007.??.??"]

1. d4 Nf6 2. c4 c5 3. d5 e5 4. Nc3 d6 5. e4 Be7 6. h3 O-O 7. Bd3 Ne8 8. Nf3 g6
9. Bh6 Ng7 10. g4 a6 11. Qe2 f6 12. O-O-O b5 13. Rdg1 bxc4 14. Bxc4 Rf7 15. Nd2
Nd7 16. f4 exf4 17. Bxf4 Ne5 18. Bb3 Rb8 19. h4 Bd7 20. h5 g5 21. Bxe5 fxe5 22.
Nd1 Bb5 23. Bc4 h6 24. Rf1 Rf4 25. Ne3 Qa5 26. Kb1 Qb4 27. Bxb5 axb5 28. Ng2
Bf6 29. Rh3 c4 30. Rc1 Re8 31. Ra3 Bd8 32. Nxf4 exf4 33. Ra8 Bb6 34. Rxe8+ Nxe8
35. Nf3 Be3 36. e5 dxe5 37. Nxe5 Nf6 38. Qc2 Ne8 39. Qf5 Qe7 40. Rd1 Bc5 41.
Re1 Ng7 42. Qe4 Bd6 43. Qd4 Bc5 44. Qe4 Bd6 45. a4 Bb4 46. Re2 c3 47. Nd3 Qd7
48. Nxb4 bxa4 49. bxc3 Qxg4 50. d6 a3 51. Nd5 Qg1+ 52. Re1 Qf2 53. Nf6+ 1-0

[Event "SR 2. liga A 2007/2008"]
[Site "?"]
[Date "2007.10.07"]
[Round "2.2"]
[White "Polasek, Filip"]
[Black "Petenyi, Tamas"]
[Result "0-1"]
[WhiteElo "2102"]
[BlackElo "2196"]
[PlyCount "72"]
[EventDate "2007.??.??"]

1. e4 c5 2. Nf3 d6 3. d4 cxd4 4. Nxd4 Nf6 5. Nc3 e6 6. Be3 a6 7. f3 b5 8. a3
Bb7 9. Qd2 Nbd7 10. h4 h5 11. Be2 Rc8 12. Rd1 Be7 13. Bf2 Ne5 14. a4 b4 15. Na2
d5 16. Nxb4 Nc4 17. Bxc4 Rxc4 18. c3 dxe4 19. Qe2 Qc8 20. fxe4 e5 21. b3 Rxd4
22. cxd4 Bxb4+ 23. Kf1 Nxe4 24. Rh3 O-O 25. Be1 Bxe1 26. Rxe1 Qf5+ 27. Kg1 exd4
28. Rf1 Qd5 29. Rhf3 g6 30. b4 Nc3 31. Qe1 Qe4 32. Qf2 Ne2+ 33. Kh1 Bd5 34. b5
axb5 35. axb5 Qe6 36. Rh3 Qxh3# 0-1

[Event "SR 2. liga A 2007/2008"]
[Site "?"]
[Date "2007.10.07"]
[Round "2.2"]
[White "Skreno, Vladimir"]
[Black "Maslik, Miroslav"]
[Result "1/2-1/2"]
[WhiteElo "2062"]
[BlackElo "2298"]
[PlyCount "52"]
[EventDate "2007.??.??"]

1. d4 Nf6 2. Nf3 g6 3. c4 Bg7 4. Nc3 d5 5. e3 O-O 6. b4 b6 7. Ba3 c5 8. bxc5
bxc5 9. Bxc5 Na6 10. Ba3 Qa5 11. Bb2 Ne4 12. Rc1 Rb8 13. Ba1 Nb4 14. Nd2 e5 15.
a3 Qxa3 16. Ndxe4 dxe4 17. Nb5 Rxb5 18. cxb5 Bg4 19. Qd2 exd4 20. Bc4 dxe3 21.
Qxe3 Qxe3+ 22. fxe3 Bxa1 23. Rxa1 Nc2+ 24. Kf2 Nxa1 25. Rxa1 Rc8 26. Bd5 Rc7
1/2-1/2

[Event "SR 2. liga A 2007/2008"]
[Site "?"]
[Date "2007.10.07"]
[Round "2.3"]
[White "Antala, Jan"]
[Black "Farkas, Gabor"]
[Result "0-1"]
[WhiteElo "1942"]
[BlackElo "2333"]
[PlyCount "88"]
[EventDate "2007.??.??"]

{B07: Pirc Defence: Miscellaneous Systems} 1. e4 c5 2. Nf3 Nc6 3. d4 cxd4 4.
Bc4 e6 5. O-O Qc7 6. Nxd4 Nf6 7. Nb5 Qb8 8. Re1 a6 9. N5c3 Ne5 10. Be2 Bc5 11.
Bg5 Qa7 12. Rf1 b5 13. Nd2 Bb7 14. Bxf6 gxf6 15. Nb3 Bb6 16. Qd6 Bc6 17. Nd5
Bxd5 18. exd5 Qc7 19. Qxc7 Bxc7 20. Rad1 Bb6 21. Bh5 Ke7 22. d6+ Kf8 23. Nd2
Rc8 24. c3 Rc6 25. Ne4 f5 26. Ng5 f6 27. Nf3 Nc4 28. b3 Nxd6 29. Nd4 Bxd4 30.
Rxd4 Ke7 31. Rfd1 Rd8 32. Bf3 Ne4 33. Bxe4 fxe4 34. Rxe4 Rxc3 35. Rh4 Rh8 36.
Rg4 d5 37. Rg7+ Kd6 38. Ra7 Rc6 39. g3 h5 40. Rd4 e5 41. Rh4 d4 42. Kf1 f5 43.
Ke1 e4 44. Kd1 Rhc8 0-1

[Event "SR 2. liga A 2007/2008"]
[Site "?"]
[Date "2007.10.07"]
[Round "2.3"]
[White "Csiba, Dominik"]
[Black "Hecko, Dusan"]
[Result "0-1"]
[WhiteElo "2111"]
[BlackElo "2123"]
[Annotator "Fritz 9 (20s)"]
[PlyCount "108"]
[EventDate "2007.??.??"]

{D94: Grünfeld: 4 Nf3 Bg7 5 e3} 1. d4 Nf6 2. c4 g6 3. Nc3 d5 4. Nf3 Bg7 5. e3
O-O 6. b4 dxc4 ({hlavny variant} 6... b6 7. Qb3) 7. Bxc4 b6 8. Qb3 e6 ({Fritz} 
8... c5 9. Ne5 e6 10. bxc5 bxc5 11. Ba3 Nbd7 12. Nxf7 Rxf7 13. Bxe6 Qe7 14. O-O
Ba6 15. Rfd1 Re8 16. Bxf7+ Qxf7 $18) 9. O-O Bb7 10. Ne5 Re8 11. b5 Ne4 (11...
c5 $5 {stalo za pozornost} 12. Rd1 cxd4 13. exd4 Nbd7 $11) 12. Nxe4 $16 Bxe4
13. Bb2 c6 14. Rac1 Bxe5 15. dxe5 Nd7 16. bxc6 Bxc6 17. Rfd1 Qg5 18. Bf1 Nc5
19. Qa3 Bd5 20. Bd4 Rec8 21. f4 Qe7 22. Rc3 Rc7 23. Rdc1 Rac8 24. Ba6 Rb8 25.
g3 (25. Bxc5 Rxc5 26. Rxc5 bxc5 27. Rxc5 $2 Rb1+ 28. Bf1 Bc4 29. h3 Rxf1+ 30.
Kh2 Kg7 $19) 25... Nxa6 $11 26. Qxa6 Rxc3 27. Rxc3 Qd7 ({
lepsie bolo priamociare} 27... Qb4 28. Qd3 Bxa2 29. Rc1 Ra8 $17) 28. Qa3 (28.
h3 $5 $11 {bolo na pohlad lepsie}) 28... Qb5 $17 29. Rc2 Qb1+ (29... Ba8 30.
Qb3 Qa6 $17) 30. Qc1 Bxa2 $1 31. Qxb1 Bxb1 32. Rb2 Be4 33. Kf2 Rc8 34. h4 Kf8
35. g4 Rc2+ 36. Rxc2 $11 Bxc2 {
tuto poziciu Fritz 9 hodnoti ako lepsiu pre bieleho} 37. g5 Ke7 38. Ke2 Kd7 39.
Kd2 Be4 40. Kc3 Kc6 41. Kc4 a5 $17 42. Bc3 b5+ $19 43. Kd4 b4 44. Kxe4 bxc3 45.
Kd3 Kd5 46. e4+ Kc5 47. Kxc3 a4 48. f5 a3 (48... exf5 {rychlejsie bolo} 49.
exf5 gxf5 50. e6 Kd6 $19) 49. f6 a2 50. Kb2 Kd4 51. Kxa2 Kxe4 52. Kb3 Kxe5 53.
Kc4 Kd6 54. Kd4 e5+ 0-1

[Event "SR 2. liga A 2007/2008"]
[Site "?"]
[Date "2007.10.07"]
[Round "2.3"]
[White "Gazi, Mikulas"]
[Black "Matulik, Daniel"]
[Result "1/2-1/2"]
[WhiteElo "2184"]
[BlackElo "2163"]
[PlyCount "56"]
[EventDate "2007.??.??"]

1. e4 c6 2. d4 d5 3. exd5 cxd5 4. c4 Nf6 5. Nf3 Nc6 6. Nc3 e6 7. Be2 Be7 8. O-O
O-O 9. Re1 b6 10. Ne5 Bb7 11. Bf3 Na5 12. Bg5 Rc8 13. cxd5 Nxd5 14. Bxe7 Nxe7
15. Bxb7 Nxb7 16. Qf3 Na5 17. Rad1 Nac6 18. Nxc6 Rxc6 19. d5 Nxd5 20. Nxd5 exd5
21. Rxd5 Qc7 22. g3 Rc1 23. Rdd1 Rxd1 24. Rxd1 h6 25. Kg2 Rd8 26. Rxd8+ Qxd8
27. b4 a5 28. bxa5 bxa5 1/2-1/2

[Event "SR 2. liga A 2007/2008"]
[Site "?"]
[Date "2007.10.07"]
[Round "2.3"]
[White "Hartl, Jan"]
[Black "Hertel, Ondrej"]
[Result "0-1"]
[WhiteElo "2138"]
[BlackElo "2051"]
[PlyCount "60"]
[EventDate "2007.??.??"]

1. e4 c6 2. c4 d5 3. cxd5 cxd5 4. exd5 Nf6 5. Bb5+ Bd7 6. Bc4 Qc7 7. d3 b5 8.
Bb3 Na6 9. d4 Rc8 10. Ne2 Nb4 11. Nbc3 Qb7 12. Nf4 g5 13. a3 gxf4 14. axb4 Bh6
15. h3 Bf5 16. Qe2 a6 17. Qe5 Bd3 18. d6 O-O 19. dxe7 Rfe8 20. Qxf6 Rxe7+ 21.
Kd2 Rxc3 22. Kxc3 Qe4 23. Bd1 Rc7+ 24. Kd2 Rc6 25. Qd8+ Kg7 26. Re1 f3+ 27. Re3
Bxe3+ 28. fxe3 f2 29. Be2 Rc2+ 30. Kd1 Bxe2# 0-1

[Event "SR 2. liga A 2007/2008"]
[Site "?"]
[Date "2007.10.07"]
[Round "2.3"]
[White "Janos, Jozef"]
[Black "Machalova, Erika"]
[Result "1-0"]
[WhiteElo "2256"]
[BlackElo "2094"]
[PlyCount "81"]
[EventDate "2007.??.??"]

1. d4 Nf6 2. Nf3 e6 3. c4 b6 4. g3 Bb7 5. Bg2 Be7 6. Nc3 d6 7. d5 e5 8. O-O O-O
9. e4 Ne8 10. Be3 g6 11. Ne1 Bf6 12. b4 Ba6 13. Qb3 Bg7 14. Nd3 f5 15. a4 Nd7
16. f3 Ndf6 17. a5 fxe4 18. Nxe4 Nxe4 19. fxe4 Nf6 20. Nf2 h6 21. Rfc1 Kh7 22.
Ra3 Bb7 23. c5 Rb8 24. cxb6 cxb6 25. axb6 axb6 26. Ra7 Rf7 $138 27. Qd3 Bxd5
28. Rxf7 Bxf7 29. Rc6 d5 30. exd5 Bxd5 31. Rxf6 Qxf6 32. Bxd5 Bf8 33. Qc3 Qe7
34. Be4 Bg7 35. h4 h5 36. Nh3 Bf6 37. Qc6 Qf7 38. Bxb6 Be7 39. Bc5 Bxc5+ 40.
bxc5 Kg7 41. Ng5 1-0

[Event "SR 2. liga A 2007/2008"]
[Site "?"]
[Date "2007.10.07"]
[Round "2.4"]
[White "Blatnicky, Miroslav"]
[Black "Hazir, Svetozar"]
[Result "1/2-1/2"]
[WhiteElo "2135"]
[BlackElo "2130"]
[PlyCount "120"]
[EventDate "2007.??.??"]

1. e4 e5 2. Nf3 Nc6 3. Bb5 a6 4. Ba4 Nf6 5. O-O b5 6. Bb3 Be7 7. c3 O-O 8. Re1
d5 9. exd5 e4 10. dxc6 exf3 11. Qxf3 Bg4 12. Qe3 Re8 13. d4 Bd6 14. Qd2 Ne4 15.
Qc2 Qh4 16. h3 Nxf2 17. Bxf7+ Kxf7 18. Qxf2+ Qxf2+ 19. Kxf2 Bg3+ 20. Kxg3 Rxe1
21. Nd2 Bh5 22. Nb3 Rae8 23. Bf4 Rxa1 24. Nxa1 Bg6 25. Bxc7 Be4 26. Be5 Bxc6
27. Nc2 Re6 28. Ne3 Rg6+ 29. Kf2 Ke6 30. g4 h5 31. Kg3 hxg4 32. hxg4 Rh6 33.
Bxg7 Rh1 34. b3 Kf7 35. Be5 Ra1 36. d5 Bd7 37. c4 Rxa2 38. c5 Ra3 39. c6 Bc8
40. d6 Rxb3 41. Kf4 Ke6 42. Nf5 Rb4+ 43. Kg5 Rc4 44. d7 Bxd7 45. cxd7 Kxd7 46.
Nd6 Rc2 47. Kf6 b4 48. g5 b3 49. g6 b2 50. Bxb2 Rxb2 51. Nf5 Rg2 52. g7 a5 53.
Nh4 Rxg7 54. Kxg7 a4 55. Nf3 a3 56. Nd2 Ke6 57. Kg6 a2 58. Nb3 Kd5 59. Kf5 Kc4
60. Na1 Kc3 1/2-1/2

[Event "SR 2. liga A 2007/2008"]
[Site "?"]
[Date "2007.10.07"]
[Round "2.4"]
[White "Diviak, Rastislav"]
[Black "Lesny, Stefan"]
[Result "1/2-1/2"]
[WhiteElo "2111"]
[BlackElo "2123"]
[PlyCount "120"]
[EventDate "2007.??.??"]

1. e4 e5 2. Nf3 Nc6 3. Bb5 a6 4. Ba4 d6 5. c3 Nf6 6. d4 b5 7. Bb3 Bg4 8. Be3
Be7 9. O-O O-O 10. Nbd2 Qd7 11. Re1 Bh5 12. h3 Bg6 13. Bg5 Rfe8 14. d5 Na5 15.
Bc2 h6 16. Bxf6 Bxf6 17. a4 c6 18. dxc6 Qxc6 19. axb5 axb5 20. Qe2 Nc4 21. Bd3
Rac8 22. Rec1 Red8 23. b3 Nxd2 24. Nxd2 Rb8 25. Ra5 b4 26. Bc4 bxc3 27. Rxc3
Qb6 28. Ra6 Qb4 29. Rg3 Kf8 30. Bd5 Qb5 31. Bc4 Qc5 32. Rd3 Ra8 33. Rxa8 Rxa8
34. Rd5 Qb4 35. Rb5 Qc3 36. Bd5 Rc8 37. Nc4 Be7 38. Rb7 Rd8 39. Kh2 Qc1 40. Qg4
Qf4+ 41. Qxf4 exf4 42. b4 f5 43. b5 fxe4 44. b6 Bf7 45. Bxf7 Kxf7 46. Rc7 Ke6
47. b7 Rb8 48. Na5 d5 49. Rxe7+ Kxe7 50. Nc6+ Kd7 51. Nxb8+ Kc7 52. Nc6 Kxb7
53. Nd4 Kb6 54. Kg1 g5 55. Kf1 Kc5 56. Nf5 h5 57. Ke2 d4 58. f3 Kd5 59. fxe4+
Kxe4 60. Nd6+ Kd5 1/2-1/2

[Event "SR 2. liga A 2007/2008"]
[Site "?"]
[Date "2007.10.07"]
[Round "2.4"]
[White "Gajarsky, Roman"]
[Black "Janos, Ivan"]
[Result "0-1"]
[WhiteElo "1981"]
[BlackElo "2135"]
[PlyCount "110"]
[EventDate "2007.??.??"]

1. e4 c5 2. c4 e6 3. Nc3 Nc6 4. d3 g6 5. Be3 Nd4 6. Nge2 Bg7 7. Rb1 Ne7 8. b4
d6 9. b5 O-O 10. Qd2 d5 11. f4 dxc4 12. dxc4 Qa5 13. e5 Rd8 14. Bxd4 Nf5 15.
Ne4 Qxd2+ 16. Nxd2 cxd4 17. g3 Ne3 18. Kf2 b6 19. h3 Bb7 20. Rg1 Bf8 21. Nc1
Nd1+ 22. Ke1 Nc3 23. Rb2 Ba3 24. Rc2 Rac8 25. Bg2 Bxg2 26. Rxg2 Nxb5 27. Nd3
Nc3 28. g4 Nd5 29. cxd5 Rxc2 30. d6 Rxa2 31. Rg3 Bxd6 32. exd6 Rxd6 33. Ne5 f5
34. gxf5 exf5 35. h4 b5 36. h5 Kg7 37. h6+ Kf8 38. Rb3 a6 39. Ndf3 Ra1+ 40. Ke2
Rh1 41. Rb2 Rc1 42. Ng5 Rc7 43. Kd3 Kg8 44. Re2 Rc3+ 45. Kd2 d3 46. Re3 Rc2+
47. Kd1 Re2 48. Rxe2 dxe2+ 49. Kxe2 b4 50. Ke3 b3 51. Nd3 a5 52. Nf3 a4 53. Nd4
Rb6 54. Kd2 a3 55. Kc1 Rd6 0-1

[Event "SR 2. liga A 2007/2008"]
[Site "?"]
[Date "2007.10.07"]
[Round "2.4"]
[White "Horvath, Mario"]
[Black "Kosegi, Marek"]
[Result "1-0"]
[WhiteElo "2283"]
[BlackElo "1954"]
[PlyCount "53"]
[EventDate "2007.??.??"]

{B07: Pirc Defence: Miscellaneous Systems} 1. d4 Nf6 2. c4 g6 3. g3 Bg7 4. Bg2
O-O 5. Nc3 d6 6. Nf3 Nc6 7. O-O e5 8. d5 Ne7 9. e4 Bg4 10. Be3 a6 11. Qd2 Qd7
12. Ne1 Bh3 13. f3 Bxg2 14. Kxg2 Ne8 15. Nd3 f5 16. h3 Nf6 17. c5 fxe4 18. fxe4
c6 19. cxd6 Qxd6 20. Bc5 Qd8 21. d6 Nc8 22. d7 Ne7 23. Nxe5 Nxe4 24. Rxf8+ Qxf8
25. Nxe4 Bxe5 26. Rf1 Qd8 27. Ng5 1-0

[Event "SR 2. liga A 2007/2008"]
[Site "?"]
[Date "2007.10.07"]
[Round "2.4"]
[White "Pasko, Peter"]
[Black "Mikulas, Dusan"]
[Result "1/2-1/2"]
[WhiteElo "2086"]
[BlackElo "2189"]
[PlyCount "61"]
[EventDate "2007.??.??"]

1. e4 e5 2. Nf3 Nc6 3. Bb5 a6 4. Ba4 Nf6 5. O-O Be7 6. Re1 b5 7. Bb3 O-O 8. a4
b4 9. d3 d6 10. h3 h6 11. Nbd2 Na5 12. Ba2 Be6 13. Bxe6 fxe6 14. Nf1 c5 15. Ng3
Nc6 16. Nh2 Qe8 17. Ng4 Nh7 18. Rf1 Kh8 19. f4 h5 20. Nh2 exf4 21. Bxf4 h4 22.
Ne2 e5 23. Be3 Qg6 24. Qd2 Ng5 25. Ng4 Ne6 26. Rxf8+ Rxf8 27. Rf1 Rxf1+ 28.
Kxf1 Qf7+ 29. Kg1 g5 30. Qd1 Nf4 31. Bd2 1/2-1/2

[Event "SR 2. liga A 2007/2008"]
[Site "?"]
[Date "2007.10.07"]
[Round "2.5"]
[White "Farkas, Vladimir"]
[Black "Pusec, Pavel"]
[Result "0-1"]
[WhiteElo "2076"]
[BlackElo "2105"]
[PlyCount "54"]
[EventDate "2007.??.??"]

1. e4 d6 2. Nc3 Nf6 3. g3 g6 4. Bg2 Bg7 5. d3 Nc6 6. Nge2 e5 7. Bd2 Be6 8. O-O
Qd7 9. Bh1 Bh3 10. Re1 h5 11. Bg5 Nh7 12. Qd2 Nxg5 13. Qxg5 Ne7 14. Qd2 h4 15.
Nd1 O-O-O 16. c4 f5 17. Nec3 hxg3 18. fxg3 f4 19. Nf2 fxg3 20. hxg3 Bh6 21. Qe2
Be6 22. b4 Nc6 23. Rab1 Nd4 24. Qd1 Qh7 25. Bg2 Bg5 26. Rb2 Rdf8 27. Ng4 Qh5
0-1

[Event "SR 2. liga A 2007/2008"]
[Site "?"]
[Date "2007.10.07"]
[Round "2.5"]
[White "Jurcak, Marian"]
[Black "Janko, Ladislav"]
[Result "0-1"]
[WhiteElo "1891"]
[BlackElo "2195"]
[PlyCount "114"]
[EventDate "2007.??.??"]

{B07: Pirc Defence: Miscellaneous Systems} 1. e4 c6 2. d4 d5 3. Nc3 g6 4. Bf4
Bg7 5. Qd2 dxe4 6. Nxe4 Qxd4 7. Qxd4 Bxd4 8. O-O-O Bg7 9. Bc7 Nd7 10. Bc4 Ngf6
11. Ng5 O-O 12. f4 h6 13. N5f3 Nb6 14. Bb3 Ne4 15. Ne5 Bxe5 16. Bxe5 Nf2 17.
Nf3 Bg4 18. h3 Bxf3 19. gxf3 Nxh1 20. Rxh1 Nd7 21. Bc3 Nc5 22. Bc4 b5 23. Be2
Ne6 24. Bd2 Nd4 25. Bd1 Rfd8 26. c3 Nf5 27. h4 h5 28. Bc2 e6 29. Rh2 Rd7 30.
Be4 Rc8 31. b3 Ng3 32. Rg2 Nxe4 33. fxe4 Rd3 34. f5 exf5 35. exf5 Kg7 36. Kc2
Rf3 37. fxg6 fxg6 38. Bg5 Rcf8 39. Rg1 Rf1 40. Rg3 R8f3 41. Rxf3 Rxf3 42. a4
bxa4 43. bxa4 Rg3 44. Be7 g5 45. hxg5 h4 46. Bd6 Rg2+ 47. Kb3 h3 48. Kc4 Rxg5
49. Kb4 Kf6 50. c4 Re5 51. Bxe5+ Kxe5 52. Kc5 h2 53. Kxc6 h1=Q+ 54. Kb5 Qb1+
55. Kc6 Qb6+ 56. Kd7 Kd4 57. a5 Qxa5 0-1

[Event "SR 2. liga A 2007/2008"]
[Site "?"]
[Date "2007.10.07"]
[Round "2.5"]
[White "Kolman, Richard"]
[Black "Cibicek, Jozef"]
[Result "1/2-1/2"]
[WhiteElo "2103"]
[BlackElo "1996"]
[PlyCount "27"]
[EventDate "2007.??.??"]

1. d4 Nf6 2. Nf3 e6 3. Bg5 h6 4. Bh4 c5 5. e3 cxd4 6. exd4 b6 7. Bd3 Bb7 8. O-O
Be7 9. Nbd2 O-O 10. c3 d6 11. Qc2 Nbd7 12. Bg3 Re8 13. Ne4 Nxe4 14. Bxe4
1/2-1/2

[Event "SR 2. liga A 2007/2008"]
[Site "?"]
[Date "2007.10.07"]
[Round "2.5"]
[White "Obdrzalkova, Anita"]
[Black "Pericka, Tomas"]
[Result "1/2-1/2"]
[WhiteElo "2084"]
[BlackElo "1895"]
[PlyCount "71"]
[EventDate "2007.??.??"]

1. d4 Nf6 2. Nf3 e6 3. c4 d5 4. Nc3 c6 5. cxd5 exd5 6. Bg5 h6 7. Bh4 Be7 8. Qc2
Be6 9. e3 Qa5 10. Bxf6 Bxf6 11. Nd2 O-O 12. a3 Nd7 13. b4 Qc7 14. Be2 a5 15.
O-O Be7 16. Rab1 Bd6 17. g3 Nf6 18. Rfc1 Qe7 19. Qb3 Ra7 20. Na4 axb4 21. axb4
Rfa8 22. Nc5 Bf5 23. Bd3 Ra3 24. Qc2 Bxc5 25. Bxf5 Bxb4 26. Qb2 Bxd2 27. Qxd2
g6 28. Bd3 R8a7 29. Rb2 Ne4 30. Bxe4 Qxe4 31. Rcb1 Ra2 32. Qb4 Rxb2 33. Qxb2
Qd3 34. Qb6 Qa3 35. Kg2 Kg7 36. h4 1/2-1/2

[Event "SR 2. liga A 2007/2008"]
[Site "?"]
[Date "2007.10.07"]
[Round "2.5"]
[White "Syrovy, Ivan"]
[Black "Peska, Juraj"]
[Result "0-1"]
[WhiteElo "2105"]
[BlackElo "1966"]
[PlyCount "106"]
[EventDate "2007.??.??"]

1. e4 e5 2. Nf3 d6 3. Bc4 Be7 4. d4 exd4 5. Nxd4 Nf6 6. Nc3 O-O 7. Qf3 Nc6 8.
Nxc6 bxc6 9. O-O Ng4 10. Bf4 Bf6 11. Bb3 Be5 12. Bxe5 Nxe5 13. Qg3 Ba6 14. Rfd1
Qf6 15. Rd4 Nf3+ 16. Qxf3 Qxd4 17. Rd1 Qe5 18. h4 Kh8 19. g4 Rae8 20. Kh1 Bc8
21. Rg1 Qe7 22. Qg3 Bb7 23. f3 Qe5 24. f4 Qe7 25. Kh2 d5 26. exd5 cxd5 27. Bxd5
Bxd5 28. Nxd5 Qc5 29. Nc3 Re3 30. Qg2 Rfe8 31. Rf1 Qc4 32. Rf2 a5 33. a3 c6 34.
Rf1 Rb8 35. Qf2 Ree8 36. Rb1 Rb7 37. Qd2 Qe6 38. f5 Qe3 39. Qxe3 Rxe3 40. Rd1
h6 41. Rd8+ Kh7 42. Nd1 Re2+ 43. Kg3 Rxc2 44. Rd3 Rb5 45. Rf3 Rd2 46. Ne3 Rdxb2
47. g5 R5b3 48. gxh6 gxh6 49. f6 Ra2 50. Kf4 Raxa3 51. Rg3 Rxe3 52. Rg7+ Kh8
53. Rxf7 Kg8 0-1

[Event "SR 2. liga A 2007/2008"]
[Site "?"]
[Date "2007.10.07"]
[Round "2.6"]
[White "Blazkova, Barbora"]
[Black "Peitl, Tomas"]
[Result "0-1"]
[WhiteElo "1942"]
[BlackElo "2069"]
[PlyCount "136"]
[EventDate "2007.??.??"]

1. d4 d5 2. c4 e6 3. Nc3 c5 4. cxd5 exd5 5. Nf3 Nc6 6. g3 Nf6 7. Bg2 Be7 8. O-O
O-O 9. Bg5 cxd4 10. Nxd4 h6 11. Be3 Bg4 12. Qa4 Na5 13. Rad1 Nc4 14. Bc1 Nb6
15. Qb3 Qd7 16. Qb5 Rfd8 17. Qxd7 Rxd7 18. Rd3 Ne4 19. Nxe4 dxe4 20. Bxe4 Rad8
21. Rfd1 Na4 22. Nf3 Rxd3 23. Rxd3 Rc8 24. Rd1 Be6 25. Bxb7 Rb8 26. Bd5 Nxb2
27. Bxb2 Bxd5 28. Rxd5 Rxb2 29. Rd2 Rb1+ 30. Kg2 a5 31. Rd7 Bf6 32. Rd5 a4 33.
Ra5 Rb4 34. Ra8+ Kh7 35. Ra7 Kg6 36. Ra5 Bc3 37. h4 Kf6 38. Ra6+ Kf5 39. Ra5+
Ke4 40. Ra7 f5 41. Re7+ Kd5 42. Ra7 Kc6 43. Ra5 Re4 44. Rxf5 Rxe2 45. Rf4 Kb5
46. Nd4+ Bxd4 47. Rxd4 Rxa2 48. Rd7 Rc2 49. Ra7 Rc6 50. Rxg7 a3 51. Ra7 Ra6 52.
Rb7+ Ka4 53. Re7 a2 54. Re1 Kb3 55. g4 a1=Q 56. Rxa1 Rxa1 57. Kg3 Kc4 58. Kf4
Kd5 59. Kf5 Kd6 60. f4 Ke7 61. Kg6 Ra4 62. Kxh6 Rxf4 63. Kg5 Rb4 64. h5 Kf7 65.
Kf5 Rb5+ 66. Ke4 Kf6 67. Kf4 Rb4+ 68. Kf3 Kg5 0-1

[Event "SR 2. liga A 2007/2008"]
[Site "?"]
[Date "2007.10.07"]
[Round "2.6"]
[White "Goga, Frantisek"]
[Black "Hebelka, Milos"]
[Result "1/2-1/2"]
[WhiteElo "1986"]
[BlackElo "2121"]
[PlyCount "25"]
[EventDate "2007.??.??"]

1. e4 e5 2. Nf3 Nc6 3. d4 exd4 4. Bc4 d6 5. Nxd4 Nf6 6. Nc3 Be7 7. O-O a6 8.
Nxc6 bxc6 9. Qe2 O-O 10. h3 a5 11. Re1 Nd7 12. f4 Bf6 13. Bd2 1/2-1/2

[Event "SR 2. liga A 2007/2008"]
[Site "?"]
[Date "2007.10.07"]
[Round "2.6"]
[White "Manak, Jozef"]
[Black "Krajnak, Robert"]
[Result "0-1"]
[WhiteElo "2042"]
[BlackElo "2118"]
[PlyCount "104"]
[EventDate "2007.??.??"]

1. e4 c5 2. Nf3 e6 3. d4 cxd4 4. Nxd4 Nc6 5. c4 Nf6 6. Nc3 d6 7. Be3 Be7 8. Be2
O-O 9. O-O Bd7 10. Qd2 Qb8 11. Rac1 Rd8 12. Nc2 Be8 13. Bg5 a6 14. Ne3 h6 15.
Bf4 Ne5 16. Bg3 b5 17. Qc2 b4 18. Nb1 Qb7 19. f4 Nc6 20. Rfd1 Bf8 21. Bf3 e5
22. Qd3 exf4 23. Bxf4 Ne5 24. Qc2 Bc6 25. Nd5 Bxd5 26. exd5 Nxf3+ 27. gxf3 Nh5
28. Be3 Qe7 29. Qf2 Re8 30. Re1 Qf6 31. Kh1 Nf4 32. Bxf4 Qxf4 33. Nd2 Be7 34.
Re4 Bh4 35. Rxf4 Bxf2 36. Re4 f5 37. Rxe8+ Rxe8 38. Nb3 Re2 39. c5 Be3 40. Rc4
dxc5 41. Nxc5 Bxc5 42. Rxc5 Rxb2 43. d6 Rd2 44. Rc6 a5 45. Ra6 Kf7 46. Rxa5 Ke6
47. Ra7 Kxd6 48. Rxg7 Rxa2 49. Rg6+ Ke5 50. Rxh6 Kf4 51. Kg1 b3 52. Rh4+ Ke3
0-1

[Event "SR 2. liga A 2007/2008"]
[Site "?"]
[Date "2007.10.07"]
[Round "2.6"]
[White "Nagy, Tomas"]
[Black "Sosovicka, Juraj"]
[Result "1-0"]
[WhiteElo "2183"]
[BlackElo "1902"]
[PlyCount "97"]
[EventDate "2007.??.??"]

{B07: Pirc Defence: Miscellaneous Systems} 1. d4 d5 2. c4 e6 3. Nc3 c6 4. e3
Nf6 5. Nf3 Bd6 6. Bd3 O-O 7. O-O Nbd7 8. e4 dxc4 9. Bxc4 e5 10. h3 Qe7 11. Be3
exd4 12. Nxd4 Nc5 13. f3 Nh5 14. b4 Nxe4 15. Nxe4 Bxb4 16. Nc2 Ba5 17. Qd6 Qxd6
18. Nxd6 Ng3 19. Rfd1 Nf5 20. Nxc8 Raxc8 21. Bf2 Rcd8 22. a4 Nd6 23. Bf1 Rfe8
24. Rab1 Rd7 25. Bxa7 Ra8 26. Bc5 Bc7 27. Rxb7 Nxb7 28. Rxd7 Nxc5 29. Rxc7 Nxa4
30. Rxc6 Rb8 31. Ne3 g6 32. Bc4 Nb6 33. Rc7 Nxc4 34. Rxc4 Kg7 35. Rc7 Rb3 36.
Ng4 Rb6 37. Ne5 Rf6 38. Kf2 Rf5 39. Nc4 Rf6 40. g4 g5 41. Ne3 h6 42. Rd7 Ra6
43. Nf5+ Kg6 44. Rd6+ Rxd6 45. Nxd6 h5 46. Ke3 hxg4 47. hxg4 Kf6 48. Ke4 Ke6
49. Nxf7 1-0

[Event "SR 2. liga A 2007/2008"]
[Site "?"]
[Date "2007.10.07"]
[Round "2.6"]
[White "Synak, Jan"]
[Black "Beles, Milan"]
[Result "1-0"]
[WhiteElo "1944"]
[BlackElo "2130"]
[PlyCount "95"]
[EventDate "2007.??.??"]

1. c4 Nf6 2. Nf3 c5 3. g3 Nc6 4. Nc3 d5 5. cxd5 Nxd5 6. Bg2 Nc7 7. O-O e5 8. d3
Be7 9. Qb3 O-O 10. Ne4 Be6 11. Qa4 f6 12. Be3 Nd4 13. Bxd4 cxd4 14. Rfc1 Na6
15. h4 Qb6 16. Nfd2 Rac8 17. Nb3 Rfd8 18. Ned2 Bb4 19. Nc4 Bxc4 20. Rxc4 Rxc4
21. dxc4 Nc5 22. Nxc5 Bxc5 23. Qc2 g6 24. b3 f5 25. Bd5+ Kg7 26. Kg2 Bb4 27. h5
Qc7 28. Qd3 Bc3 29. Rh1 b6 30. Qc2 Rh8 31. g4 e4 32. Qc1 f4 33. hxg6 hxg6 34.
Rxh8 Kxh8 35. Bxe4 Kg7 36. Qc2 Qd6 37. Bd5 Qe5 38. Qd3 Kf6 39. Qd1 Qg5 40. Bf3
Qh4 41. Qc1 Kg5 42. Qa3 Kh6 43. Qf8+ Kh7 44. Qxf4 Qe7 45. g5 Kg7 46. Bd5 Qf8
47. Qe5+ Kh7 48. Qh2+ 1-0

[Event "SR 2. liga A 2007/2008"]
[Site "?"]
[Date "2007.10.07"]
[Round "2.7"]
[White "Csiba, Peter"]
[Black "Hanzluvka, Peter"]
[Result "0-1"]
[WhiteElo "2002"]
[BlackElo "2052"]
[PlyCount "140"]
[EventDate "2007.??.??"]

1. c4 c5 2. Nc3 Nc6 3. Nf3 Nf6 4. g3 g6 5. Bg2 Bg7 6. O-O d6 7. d4 cxd4 8. Nxd4
Nxd4 9. Qxd4 O-O 10. Rd1 a6 11. Qd2 Qc7 12. b3 Bf5 13. Bb2 Rfe8 14. Re1 Rad8
15. Rad1 Qc8 16. Ba1 Bh3 17. Bh1 Bd7 18. e4 Ng4 19. Nd5 Bxa1 20. Rxa1 Qc5 21.
Rad1 f6 22. Qe2 Rc8 23. Nf4 Ne5 24. Rd5 Qb6 25. Qd2 g5 26. Ne2 Rc5 27. Nc3 Qb4
28. f4 Rxd5 29. exd5 Qc5+ 30. Qe3 Qxe3+ 31. Rxe3 gxf4 32. gxf4 Ng6 33. Ne2 Kf7
34. Bf3 Rg8 35. Kf2 Nh4 36. Bh5+ Kf8 37. Ng3 Nf5 38. Nxf5 Bxf5 39. Bf3 h6 40.
Re1 Kf7 41. Ke3 Bh3 42. Kd4 b6 43. b4 Bg4 44. Be4 Bh3 45. Re3 Bd7 46. Re1 Rg4
47. Ke3 Rh4 48. Re2 Rh3+ 49. Kd4 Ra3 50. Rf2 Ra4 51. Rb2 Ra3 52. Rf2 f5 53. Bd3
Kf6 54. Bf1 Ra4 55. Rb2 e5+ 56. dxe6 Bxe6 57. Bd3 Ra3 58. Rf2 Bd7 59. Bf1 Bc6
60. Bd3 Bb7 61. Bf1 Be4 62. c5 dxc5+ 63. bxc5 Ra4+ 64. Kc3 bxc5 65. Bc4 a5 66.
Kb3 Rb4+ 67. Kc3 Rb1 68. Rd2 Rc1+ 69. Kb3 a4+ 70. Kxa4 Rxc4+ 0-1

[Event "SR 2. liga A 2007/2008"]
[Site "?"]
[Date "2007.10.07"]
[Round "2.7"]
[White "Milanov, Jasen"]
[Black "Tomanek, Rafael"]
[Result "1/2-1/2"]
[WhiteElo "1970"]
[BlackElo "1990"]
[PlyCount "70"]
[EventDate "2007.??.??"]

1. c4 c6 2. Nc3 d5 3. cxd5 cxd5 4. d4 Nf6 5. Nf3 e6 6. Bg5 Be7 7. e3 O-O 8. Bd3
Nc6 9. a3 h6 10. Bh4 Bd7 11. O-O Rc8 12. Rc1 Ne8 13. Bxe7 Qxe7 14. e4 dxe4 15.
Nxe4 Nf6 16. Nc5 Nxd4 17. Nxd7 Nxf3+ 18. Qxf3 Qxd7 19. Rcd1 Qc6 20. Qe3 Qc5 21.
Qe2 Rfd8 22. Rd2 Kh8 23. Rfd1 Qb6 24. g3 Rd6 25. Bb1 Rcd8 26. Rxd6 Rxd6 27.
Rxd6 Qxd6 28. Qc2 g6 29. Ba2 Kh7 30. h4 h5 31. Qe2 Nd5 32. Bb1 a6 33. Qxh5+ Kg7
34. Qd1 Qe5 35. Qd2 b5 1/2-1/2